|
|
|
|
| LEADER |
01184nam a22002177a 4500 |
| 001 |
30691 |
| 003 |
BD-DhAAL |
| 005 |
20241205112558.0 |
| 008 |
151130s1989 bg ||||| |||| 00| 0 ben d |
| 040 |
|
|
|a BD-DhAAL
|c BD-DhAAL
|
| 082 |
|
|
|2 22
|a 610.73678
|
| 245 |
|
|
|a ধাত্রীদের জানার কথা /
|c শিশু ও মাতৃস্বাস্থ্য কর্মসূচী.
|
| 260 |
|
|
|a ঢাকা :
|b শিশু ও মাতৃস্বাস্থ্য কর্মসূচী, ব্র্যাক,
|c ১৯৮৯.
|
| 300 |
|
|
|a ২৬ পৃষ্ঠা :
|b চিত্র ;
|c ১৭ সে. মি.
|
| 541 |
|
|
|a Complimentary copy from BRAC
|e 30691
|
| 650 |
|
|
|a Maternity nursing.
|9 16555
|
| 710 |
|
|
|a শিশু ও মাতৃস্বাস্থ্য কর্মসূচী,
|b ব্র্যাক
|9 6601
|
| 852 |
|
|
|a Ayesha Abed Library
|
| 942 |
|
|
|2 ddc
|c BK
|
| 999 |
|
|
|c 36323
|d 36323
|
| 952 |
|
|
|0 0
|1 0
|2 ddc
|4 0
|6 610_736780000000000_DAT
|7 1
|9 57108
|a BRACUL
|b BRACUL
|c BRS
|d 2015-12-01
|e Complimentary copy from BRAC
|l 1
|o 610.73678 DAT
|p 3010030691
|r 2025-12-30
|s 2025-03-23
|t 1
|w 2015-12-01
|y BK
|x Complimentary copy from BRAC; Price not available in register.
|